000
00322pab a2200133 454500
008
180718b xxu||||| |||| 00| 0 eng d
100
_a
Ganesan K.
245
_a
Seshan vs law
362
_a
31 Oct 1994, p.13
650
_a
Election Law -- India
650
_a
Elections -- India
773
_a
Hindustan Times
909
_a
27809
999
_c
27809
_d
27809